Die Resozialisierungsidee im Strafvollzug: Bestandsaufnahme und Reformanregungen hinsichtlich der Ausgestaltung der Vollzugsgrundsätze des § 3 StVollzG
| 1. VerfasserIn: | |
|---|---|
| Medienart: | Druck Buch |
| Sprache: | Deutsch |
| Veröffentlicht: |
München
VVF
1994
|
| In: |
Rechtswissenschaftliche Forschung und Entwicklung (458)
Jahr: 1994 |
| Online-Zugang: |
Inhaltsverzeichnis Inhaltsverzeichnis |
| Bestand in Tübingen: | In Tübingen vorhanden. IFK: P VII 262 |
| Verfügbarkeit prüfen: | HBZ Gateway |
| Subito Bestelldienst: | Jetzt bestellen. |
| Schlagwörter: |
MARC
| LEADER | 00000cam a2200000 c 4500 | ||
|---|---|---|---|
| 001 | 272137774 | ||
| 003 | DE-627 | ||
| 005 | 20230302171104.0 | ||
| 007 | tu | ||
| 008 | 950220s1994 gw ||||| m 00| ||ger c | ||
| 015 | |a 95,N03,0324 |2 dnb | ||
| 015 | |a 95,A21,0490 |2 dnb | ||
| 016 | 7 | |a 943116066 |2 DE-101 | |
| 020 | |a 3894811188 |9 3-89481-118-8 | ||
| 035 | |a (DE-627)272137774 | ||
| 035 | |a (DE-576)043764002 | ||
| 035 | |a (DE-599)GBV272137774 | ||
| 035 | |a (OCoLC)165189152 | ||
| 035 | |a (OCoLC)845023294 | ||
| 035 | |a (OCoLC)214638438 | ||
| 035 | |a (OCoLC)165189152 | ||
| 040 | |a DE-627 |b ger |c DE-627 |e rakwb | ||
| 041 | |a ger | ||
| 044 | |c XA-DE | ||
| 084 | |a 19 |a 14 |2 sdnb | ||
| 084 | |a PH 5270 |2 rvk |0 (DE-625)rvk/136196: | ||
| 100 | 1 | |a DuMênil, Béatrice |0 (DE-588)1156977983 |0 (DE-627)1020270640 |0 (DE-576)502559330 |4 aut | |
| 109 | |a DuMênil, Béatrice |a Mênil, Béatrice du | ||
| 245 | 1 | 4 | |a Die Resozialisierungsidee im Strafvollzug |b Bestandsaufnahme und Reformanregungen hinsichtlich der Ausgestaltung der Vollzugsgrundsätze des § 3 StVollzG |c Béatrice du Mênil |
| 264 | 1 | |a München |b VVF |c 1994 | |
| 300 | |a X, 267 S. | ||
| 336 | |a Text |b txt |2 rdacontent | ||
| 337 | |a ohne Hilfsmittel zu benutzen |b n |2 rdamedia | ||
| 338 | |a Band |b nc |2 rdacarrier | ||
| 490 | 1 | |a Rechtswissenschaftliche Forschung und Entwicklung |v 458 | |
| 502 | |a Zugl.: Augsburg, Univ., Diss., 1994 | ||
| 655 | 7 | |a Hochschulschrift |0 (DE-588)4113937-9 |0 (DE-627)105825778 |0 (DE-576)209480580 |2 gnd-content | |
| 689 | 0 | 0 | |d s |0 (DE-588)4057808-2 |0 (DE-627)106149415 |0 (DE-576)20912377X |a Strafvollzug |2 gnd |
| 689 | 0 | 1 | |d s |0 (DE-588)4128233-4 |0 (DE-627)105718823 |0 (DE-576)209600365 |a Resozialisierung |2 gnd |
| 689 | 0 | 2 | |d s |0 (DE-588)4128511-6 |0 (DE-627)105716820 |0 (DE-576)209602716 |a Sicherheit und Ordnung |2 gnd |
| 689 | 0 | |5 DE-101 | |
| 751 | |a Augsburg |0 (DE-588)4003614-5 |0 (DE-627)106389114 |0 (DE-576)208852174 |4 uvp | ||
| 830 | 0 | |a Rechtswissenschaftliche Forschung und Entwicklung |v 458 |9 45800 |w (DE-627)130250600 |w (DE-576)006775896 |w (DE-600)551835-0 |7 am | |
| 856 | 4 | 2 | |u http://www.gbv.de/dms/spk/sbb/toc/272137774.pdf |m V:DE-601 |m B:DE-1 |q pdf/application |x Verlag |y Inhaltsverzeichnis |3 Inhaltsverzeichnis |7 1 |
| 856 | 4 | 2 | |u http://www.gbv.de/dms/hebis-darmstadt/toc/32998619.pdf |m V:DE-603 |m B:DE-17 |q pdf/application |x Verlag |y Inhaltsverzeichnis |3 Inhaltsverzeichnis |7 1 |
| 889 | |w (DE-627)184546354 | ||
| 935 | |i mdedup | ||
| 935 | |i Blocktest | ||
| 936 | r | v | |a PH 5270 |b Vollzug der Freiheitsstrafe, Resozialisierung |k Rechtswissenschaft |k Strafrecht, Strafverfahrensrecht, Kriminologie |k Strafvollzug |k Vollzug der Freiheitsstrafe, Resozialisierung |0 (DE-627)1271677113 |0 (DE-625)rvk/136196: |0 (DE-576)201677113 |
| 951 | |a BO | ||
| ELC | |b 1 | ||
| LOK | |0 000 xxxxxcx a22 zn 4500 | ||
| LOK | |0 001 3292688140 | ||
| LOK | |0 003 DE-627 | ||
| LOK | |0 004 272137774 | ||
| LOK | |0 005 19960904000000 | ||
| LOK | |0 008 960904||||||||||||||||ger||||||| | ||
| LOK | |0 040 |a DE-21-110 |c DE-627 |d DE-21-110 | ||
| LOK | |0 852 |a DE-21-110 | ||
| LOK | |0 852 1 |c P VII 262 |m p |9 00 | ||
| LOK | |0 935 |a k110 | ||
| LOK | |0 938 |k p | ||
| LOK | |0 939 |a 04-09-96 |b l01 | ||
| ORI | |a SA-MARC-krimdoka001.raw | ||
| SIG | |a IFK: P VII 262 | ||
